Sports Teams by Clue - Statistics

General Stats
  • This quiz has been taken 13 times
  • The average score is 95 of 144
Answer Stats
Hint Sport Team % Correct
13) Small red birds NFL/MLB Cardinals
100%
2) Bald birds NFL Eagles
100%
14) Horned male sheep NFL Rams
100%
16) California gold rush NFL 49ers
90%
8) Buffaloes NFL Bills
90%
20) Color NFL Browns
90%
25) Lightning bolts NFL Chargers
90%
12) Baby horses NFL Colts
90%
32) Wild west cattlemen NFL Cowboys
90%
4) Aquatic mammals NFL Dolphins
90%
95) Hot weather NBA Heat
90%
7) Large spotted cats NFL Jaguars
90%
112) Saxophone music NBA Jazz
90%
114) Card tricks/redirection NBA Magic
90%
84) Petroleum workers NHL Oilers
90%
3) Revolutionary War men NFL Patriots
90%
48) Jack Sparrow MLB Pirates
90%
52) Park patrollers MLB/NHL Rangers
90%
49) Maroon | 50) Beer makers MLB Reds
90%
11) Canonized priests NFL Saints
90%
15) Seafaring birds NFL Seahawks
90%
82) Jaws, Great Whites NHL Sharks
90%
22) Metal workers NFL Steelers
90%
26) Lone star state NFL Texans
90%
18) Nordic warriors NFL Vikings
90%
87) Sliding snowfall NHL Avalanche
80%
24) Grizzly, Brown, etc NFL Bears
80%
29) Wild horses NFL Broncos
80%
6) Swashbucklers NFL Buccaneers
80%
89) Irishmen NBA Celtics
80%
5) Army leaders NFL Commanders
80%
47) Young bears MLB Cubs
80%
62) Demons NHL Devils
80%
9) Large mythical beings NFL/MLB Giants
80%
96) Aggressive bees NBA Hornets
80%
85) Typhoons NHL Hurricanes
80%
63) What Queens and Brooklynare on NHL Islanders
80%
1) Plane engines NFL/NHL Jets
80%
80) Male monarchs NHL/NBA Kings
80%
77) Mythical sea octopus NHL Kraken
80%
71) Hot streaks of light NHL Lightning
80%
23) King of the jungle NFL Lions
80%
78) Extinct giant elephants NHL Mammoth
80%
61) Canadian flag NHL Maple Leafs
80%
54) Seafarers MLB Mariners
80%
17) Factory workers NFL Packers
80%
59) Spanish for father MLB Padres
80%
30) Large black cats NFL/NHL Panthers
80%
39) Short for PA city MLB Phillies
80%
19) Edgar A Poe NFL Ravens
80%
33) Maroon footwear MLB Red Sox
80%
105) Spaceships NBA Rockets
80%
56) Colorado mountains MLB Rockies
80%
64) Large toothed tigers NHL Sabres
80%
66) Opposite of Congressmen NHL Senators
80%
10) Mythical Greeks NFL Titans
80%
45) Identical people MLB Twins
80%
44) Plain colored footwear MLB White Sox
80%
99) Independence year NBA 76ers
70%
51) Heavenly deities MLB Angels
70%
53) Space explorers MLB Astros
70%
68) Cerulean coats NHL Blue Jackets
70%
37) Cerulean birds MLB Blue Jays
70%
60) Bears NHL Bruins
70%
102) Horned male cattle NBA Bulls
70%
65) Canadian term NHL Canadiens
70%
86) Canadian slang NHL Canucks
70%
28) Native tribal leaders NFL Chiefs
70%
79) Water fowl NHL Ducks
70%
83) Fire NHL Flames
70%
67) To ride in a plane NHL Flyers
70%
115) Large wild bears NBA Grizzlies
70%
46) Watchers of a place MLB Guardians
70%
94) taloned predator birds NBA Hawks
70%
110) Large ponds NBA Lakers
70%
40) Belonging to a nation MLB Nationals
70%
90) Basketball hoop NBA Nets
70%
35) Orange & black birds MLB Orioles
70%
100) To run consistently NBA Pacers
70%
97) Large billed birds NBA Pelicans
70%
72) Antarctic birds NHL Penguins
70%
69) Prey hunters NHL Predators
70%
92) Clawed dinosaurs NBA Raptors
70%
70) What we see in the night sky NHL Stars
70%
42) Striped orange cats MLB Tigers
70%
138) Tree falling phrase MLS Timber
70%
113) Fighters/brave men NBA Warriors
70%
81) Savage, untamed NHL Wild
70%
36) New England slang MLB Yankees
70%
55) Sports players MLB Athletics
60%
21) Spotted orange cats NFL Bengals
60%
75) Native American warrior name NHL Blackhawks
60%
74) Jazz music NHL Blues
60%
107) Medieval knights NBA Cavaliers
60%
57) Deadly snakes MLB Diamondbacks
60%
118) What happens while sleeping WNBA Dream
60%
135) Ground shaking MLS Earthquake
60%
31) Large taloned birds NFL Falcons
60%
136) Milky Way MLS Galaxy
60%
88) Armored Medieval soldiers NHL Golden Knights
60%
120) Statue of ______ WNBA Liberty
60%
109) Gold pieces NBA Nuggets
60%
98) Engine parts NBA Pistons
60%
27) Pillagers NFL Raiders
60%
34) Barbed marine animals MLB Rays
60%
43) Monarchs MLB Royals
60%
104) Cowboy boot pieces NBA Spurs
60%
106) Storm noise NBA Thunder
60%
140) The ___ States of America | 144) Alliance or an Airline brand MLS United
60%
126) What birds use to fly WNBA Wings
60%
93) Merlin, magicians NBA Wizards
60%
73) The city seat of a country NHL Capitals
50%
111) Fast ocean ships NBA Clippers
50%
129) Pyro WNBA/MLS Fire
50%
103) Wild adult horses NBA Mavericks
50%
133) Energy drink MLS Red Bull
50%
125) Rain and thunder occur WNBA Storm
50%
116) Wild large dogs NBA Timberwolves
50%
121) Cards, 4 of a kind WNBA Aces
40%
41) Native American warriors MLB Braves
40%
91) loose fitting pants NBA Knicks
40%
128) Thermometer element WNBA Mercury
40%
38) City folk MLB Mets
40%
134) Fast moving water MLS Rapids
40%
76) Maroon flying mechanism NHL Red Wings
40%
132) America vs Britain war MLS Revolution
40%
119) Up in the air WNBA Sky
40%
117) A pioneer in something NBA Trailblazers
40%
127) To have a high temperature WNBA Fever
30%
123) Pointed ear cats WNBA Lynx
30%
108) Large bright stars NBA/WNBA Suns
30%
101) Adult male deer NBA Bucs
20%
142) boat workers MLS Crew
20%
58) Avoiders MLB Dodgers
10%
143) Similar to dynamic MLS Dynamo
10%
130) Rasputin was one WNBA Mystics
10%
141) an open bay MLS Sounders
10%
122) Norse female warriors WNBA Valkyries
10%
137) Foamy peaks of waves MLS Whitecaps
10%
124) a flash of fire WNBA Sparks
0%
131) A beat WNBA Tempo
0%
139) A joining, agreement MLS Union
0%
No matching quizzes found
Score Distribution
Percent of People with Each Score
Percentile by Number Answered
Your Score History
You have not taken this quiz